Rediscovering the Bible. (Record no. 3305)

000 -LEADER
fixed length control field 00567nam a2200181 a 4500
001 - CONTROL NUMBER
control field :::00001035$&:&@@
003 - CONTROL NUMBER IDENTIFIER
control field OkBaRHE
005 - DATE AND TIME OF LATEST TRANSACTION
control field 20000607103241.0
008 - FIXED-LENGTH DATA ELEMENTS--GENERAL INFORMATION
fixed length control field s1955 j 000 0 eng u
040 ## - CATALOGING SOURCE
Transcribing agency
100 1# - MAIN ENTRY--PERSONAL NAME
Personal name Anderson, Bernhard W.
245 10 - TITLE STATEMENT
Title Rediscovering the Bible.
260 ## - PUBLICATION, DISTRIBUTION, ETC. (IMPRINT)
Place of publication, distribution, etc New York, NY., :
Name of publisher, distributor, etc Haddam House Association Press
Date of publication, distribution, etc 1955
300 ## - PHYSICAL DESCRIPTION
Extent 272 p. ;
Dimensions 23 cm.
650 ## - SUBJECT ADDED ENTRY--TOPICAL TERM
Topical term or geographic name as entry element Bible
General subdivision Criticism, Interpretation, etc.
942 ## - ADDED ENTRY ELEMENTS (KOHA)
Source of classification or shelving scheme
Koha item type Books
Copies
Barcode Full call number Koha item type Permanent Location Damaged status Copy number Lost status Date acquired Withdrawn status Source of classification or shelving scheme Shelving location Date last seen Not for loan Price effective from
1035BS 511 .A53BooksRHEMA Bible Training College 1 2010-04-14  General Stacks2010-04-14 2010-04-14